Sears list of subject headings. (Record no. 1659)

MARC details
000 -LEADER
fixed length control field 00900cam a2200277 a 4500
001 - CONTROL NUMBER
control field 13224550
003 - CONTROL NUMBER IDENTIFIER
control field OSt
005 - DATE AND TIME OF LATEST TRANSACTION
control field 20230620114350.0
008 - FIXED-LENGTH DATA ELEMENTS--GENERAL INFORMATION
fixed length control field 030604s1997 nyu b 000 0 eng
010 ## - LIBRARY OF CONGRESS CONTROL NUMBER
LC control number 2003269932
020 ## - INTERNATIONAL STANDARD BOOK NUMBER
International Standard Book Number 0824209206
040 ## - CATALOGING SOURCE
Original cataloging agency DLC
Transcribing agency DLC
050 00 - LIBRARY OF CONGRESS CALL NUMBER
Classification number Z695.Z8
Item number S43 1997
082 00 - DEWEY DECIMAL CLASSIFICATION NUMBER
Classification number 025.4
Edition number 22
Item number SEA
245 00 - TITLE STATEMENT
Title Sears list of subject headings.
250 ## - EDITION STATEMENT
Edition statement 16th ed. /
Remainder of edition statement edited by Joseph Miller.
260 ## - PUBLICATION, DISTRIBUTION, ETC. (IMPRINT)
Place of publication, distribution, etc. New York :
Name of publisher, distributor, etc. H.W. Wilson Co.,
Date of publication, distribution, etc. 1997.
300 ## - PHYSICAL DESCRIPTION
Extent lii, 786 p. ;
Dimensions 26 cm.
504 ## - BIBLIOGRAPHY, ETC. NOTE
Bibliography, etc Includes bibliographical references (p. xxxvii-xxviii).
650 #0 - SUBJECT ADDED ENTRY--TOPICAL TERM
Topical term or geographic name as entry element Subject headings.
700 1# - ADDED ENTRY--PERSONAL NAME
Personal name Sears, Minnie Earl,
Dates associated with a name 1873-1933.
700 1# - ADDED ENTRY--PERSONAL NAME
Personal name Miller, Joseph,
Dates associated with a name 1946-
906 ## - LOCAL DATA ELEMENT F, LDF (RLIN)
a 7
b cbc
c origcop
d 2
e ncip
f 20
g y-gencatlg
942 ## - ADDED ENTRY ELEMENTS (KOHA)
Source of classification or shelving scheme Dewey Decimal Classification
Koha item type Books
Holdings
Withdrawn status Lost status Source of classification or shelving scheme Damaged status Not for loan Collection code Home library Current library Shelving location Date acquired Total Checkouts Full call number Barcode Date last seen Price effective from Koha item type
    Dewey Decimal Classification     Reference Bunge Tower Library Bunge Tower Library Reference 06/20/2023   025.4 SEA 10014237 06/20/2023 06/20/2023 Books
LIBRARY OPENING HOURS

When the Parliament is sitting: 8.00a.m - 7.00p.m or until the house adjourns
Mondays and Fridays and when the House is on Recess:  8.00a.m - 5.00p.m
Closed on Weekends and Public Holidays

Online Public Access Catalog (OPAC)
Website: http://www.parliament.go.ke
Bunge Library: https://libraryir.parliament.go.ke
Contact: library@parliament.go.ke | Tel no: (254-2)2221291 or 2848000 Ext 5043